000 01182cam a2200241 4500
001 ABS63388
008 000000n2000 000 0 eng u
035 _a(Sirsi) u110391
100 _aDemetri, G.
245 _aTheme: flooring
260 _c2000
490 _aAJ Focus
_v14(12) December 2000, 25-35(9)
520 _aConsiders recent trends in flooring as manufacturers become increasingly image conscious, producing individual designed tiles and bespoke carpets, and address wider concerns, including the development of anti-allergenic and sustainable products. Hardwood, wood laminate, vinyl and other floor coverings are also considered, alongside new solutions to the acoustic problems associated with the popularity of hard floors. Costs and manufacturers details are given.
590 _aABS
650 _aBUILT ENVIRONMENT-BUILDING ELEMENTS-PARTS OF BUILDING ELEMENTS-INTERNAL FINISHES-FLOOR FINISHES
650 _aBUILT ENVIRONMENT-BUILDING ELEMENTS-COMPLETE BUILDING ELEMENTS-FLOORS
650 _aFLOORING
650 _aCARPETS
650 _aACOUSTIC INSULATION
650 _aWOODEN FLOORS
690 _aBUILT ENVIRONMENT-BUILDING MATERIALS
942 _n0
999 _c65813
_d65813